| 000 | 00724cam a22002294a 4500 | ||
|---|---|---|---|
| 001 | sa 65007013 | ||
| 003 | DLC | ||
| 005 | 20260227112146.0 | ||
| 008 | 890510s1962 ii 000 0 hino | ||
| 010 | _asa 65007013 | ||
| 035 | _a(OCoLC)23578508 | ||
| 040 |
_aDLC _cDLC |
||
| 050 | 0 | 0 |
_aBL1219 _b.H3 1962 |
| 100 | 0 |
_aHaṃsarāja, _d1864-1938. |
|
| 245 | 1 | 0 |
_aDasa avatāroṃ kī kalpanā kaise? / _csaṅkalayitā, Haṃsarāja ; sampādika, Rānagopāla Śāstrī. |
| 260 |
_aAmr̥tasara : _bRāmalāla Kapūra eṇḍa Saṃsa, _c1962. |
||
| 300 |
_a32 p. ; _c24 cm. |
||
| 546 | _aIn Hindi. | ||
| 500 | _aCover title. | ||
| 650 | 0 |
_aVishnu (Hindu deity) _xIncarnations. |
|
| 700 | 1 |
_aŚāstrī, Rāmagopāla, _d1890- |
|
| 999 |
_c64999 _d64999 |
||